A sangre y fuego: de la guerra civil europea, 1914-1945

Αποθηκεύτηκε σε:
Λεπτομέρειες βιβλιογραφικής εγγραφής
Κύριος συγγραφέας: Traverso, Enzo (autor)
Μορφή: Βιβλίο
Γλώσσα:Ισπανικά
Έκδοση: Buenos Aires Prometeo Libros 2009
Έκδοση:1a. ed
Θέματα:
Ετικέτες: Προσθήκη ετικέτας
Δεν υπάρχουν, Καταχωρήστε ετικέτα πρώτοι!

MARC

LEADER 00000nam a2200000 a 4500
001 UCG6992
003 CL-VaPUC
008 110609e20090000AG |||||||||||||||||spa|d
020 |a 9789875743120 
082 0 4 |a 940.5  |b TRA  |2 21 
100 |a Traverso, Enzo  |e autor  |9 245675 
245 1 0 |a A sangre y fuego: de la guerra civil europea, 1914-1945 
250 |a 1a. ed 
300 |a 295 p 
942 |c BK 
945 |d 20110609 00:00:00  |a dcastane 
260 |a Buenos Aires  |b Prometeo Libros  |c 2009 
650 0 |a Historia de Europa  |9 392003 
650 7 |a NACIONAL SOCIALISMO  |2 CL-VaPUC  |9 391864 
650 0 |a Revolución rusa  |9 343225 
650 0 |a Guerra civil  |9 320243 
650 7 |a GUERRA MUNDIAL  |2 CL-VaPUC  |9 346688 
650 0 |a Comunismo  |9 255588 
651 0 |a Rusia   |9 256106 
651 0 |a China   |9 257545 
583 |a last modification  |c 20110609 00:00:00  |k Rodrigo Vera 
999 |c 345097  |d 345095 
952 |0 0  |1 0  |4 0  |6 940_500000000000000_TRA_2009  |7 0  |8 A  |9 443551  |a BIBHIS  |b BIBHIS  |d 2019-11-22  |i 4783336  |o 940.5 TRA 2009  |p 4783336  |r 2025-01-20  |w 2019-11-22  |y BK  |k HIS